| 000 | 00346 a2200133 4500 | ||
|---|---|---|---|
| 040 |
_aDLC _bDLC |
||
| 082 | _a492.7 | ||
| 110 | _aShirkat Ilmia | ||
| 245 |
_aKamil Tozeehaat-al-Inshaa _cShirkat Ilmia |
||
| 260 |
_aMultan : _bMaktaba Shirkat Ilmia _c2001. |
||
| 300 |
_aiii, 162 p. _c; 24 cm. |
||
| 500 | _aIncludes Index | ||
| 942 |
_cBK _k492.7 SHI _2ddc |
||
| 999 |
_c7480 _d7480 |
||